000 00768cam a2200253 i 4500
001 376831
003 SISC
005 20160404102925.0
008 780728s1978 txu 000 0 eng
010 _a 78058548
020 _a084990109X :
_c$6.95
040 _aDLC
_cDLC
_dDLC
050 0 0 _aHQ 734
_b.C433 1978
082 0 0 _aHS 301.42
_bC34 1978
100 1 _aChafin, Kenneth.
_911017
245 1 0 _aIs there a family in the house? :
_ba realistic and hopeful look at marriage and the family today /
_cKenneth Chafin.
260 _aWaco, Texas. :
_bWord Books Inc.,
_cc1978.
300 _a158 p. ;
_c21 cm.
650 0 _aMarriage.
_910429
650 0 _aFamilies.
_911018
906 _a7
_bcbc
_corignew
_d2
_eocip
_f19
_gy-gencatlg
942 _2lcc
_cBK
999 _c8760
_d8760